[Event "Vitoria Gasteiz op 1st"]
[Site "Vitoria Gasteiz"]
[Date "2025.07.05"]
[Round "8"]
[White "Gomez Fernandez, Fulgencio"]
[Black "Bocos Delgado, Jon"]
[Result "0-1"]
[WhiteElo "1813"]
[BlackElo "2041"]
[PlyCount "62"]
[EventDate "2025.06.30"]
[EventType "swiss"]
[EventRounds "9"]
[EventCountry "ESP"]
[SourceTitle "CB28_2025"]
[SourceDate "2025.07.09"]
[SourceVersion "1"]
[SourceVersionDate "2025.07.09"]
[SourceQuality "1"]

1. d4 Nf6 2. Bf4 g6 3. e3 Bg7 4. Nd2 0-0 5. Be2 d6 6. h3 Nc6 7. Ngf3 Nd7 8. c3 e5 9. Bh2 Qe7 10. d5 Ncb8 11. e4 a5 12. a4 f5 13. Qc2 f4 14. Nb3 Nf6 15. Nfd2 Bd7 16. g4 h6 17. Nf3 c6 18. dxc6 Bxc6 19. Nbd2 Nfd7 20. Nc4 Nc5 21. Bd3 Nbd7 22. b3 Kh8 23. 0-0-0 b5 24. axb5 Bxb5 25. Ne1 a4 26. b4 Nxd3+ 27. Qxd3 Qe6 28. Qxd6 Qxc4 29. Qd5 Qxc3+ 30. Nc2 Rfc8 31. Rd2 Qa1# 0-1

[Event "ESP-ch U14"]
[Site "Salobrena"]
[Date "2024.07.19"]
[Round "7"]
[White "Bocos Delgado, Jon"]
[Black "Melgar Morraja, Mateo"]
[Result "0-1"]
[WhiteElo "1910"]
[BlackElo "1776"]
[PlyCount "118"]
[EventDate "2024.07.15"]
[EventType "swiss"]
[EventRounds "9"]
[EventCountry "ESP"]
[SourceTitle "EXT 2025"]
[Source "ChessBase"]
[SourceDate "2024.10.14"]
[SourceVersion "1"]
[SourceVersionDate "2024.10.14"]
[SourceQuality "1"]

1. d4 d5 2. c4 e6 3. Nc3 Nf6 4. cxd5 exd5 5. Bg5 Be7 6. e3 c6 7. Bd3 Nbd7 8. h3 g6 9. Nge2 Nh5 10. Bxe7 Qxe7 11. Qd2 Ndf6 12. g4 Ng7 13. Ng3 Bd7 14. f3 0-0-0 15. 0-0-0 h5 16. g5 Nfe8 17. h4 Nf5 18. Nxf5 Bxf5 19. Bxf5+ gxf5 20. Na4 Nd6 21. b3 Rde8 22. Rhe1 Rhg8 23. Nc5 Rg7 24. Nd3 f6 25. gxf6 Qxf6 26. Qh2 Reg8 27. Nf4 Qh6 28. Rg1 Nb5 29. Rxg7 Rxg7 30. Qc2 Qd6 31. Qxf5+ Rd7 32. Qc2 Qe7 33. Qf2 Qa3+ 34. Qb2 Qe7 35. Qf2 Qa3+ 36. Qb2 Qe7 37. Ng2 Qf8 38. Rf1 Rg7 39. Qc2 Qa3+ 40. Kd1 Rxg2 41. Qxg2 Nc3+ 42. Ke1 Qc1+ 43. Kf2 Qd2+ 44. Kg3 Qxe3 45. Qf2 Ne4+ 46. Kg2 Nxf2 47. Rxf2 Qxd4 48. Kg3 Qg7+ 49. Kf4 Qf6+ 50. Kg3 d4 51. f4 d3 52. Kf3 Qxh4 53. Ke3 Qg3+ 54. Rf3 Qg6 55. f5 Qg2 56. f6 d2 57. f7 Qxf3+ 58. Kd4 d1Q+ 59. Kc5 Qc3# 0-1

[Event "ESP-ch U14"]
[Site "Salobrena"]
[Date "2024.07.18"]
[Round "6"]
[White "Prieto Rol, Esther"]
[Black "Bocos Delgado, Jon"]
[Result "1/2-1/2"]
[WhiteElo "1791"]
[BlackElo "1910"]
[PlyCount "101"]
[EventDate "2024.07.15"]
[EventType "swiss"]
[EventRounds "9"]
[EventCountry "ESP"]
[SourceTitle "EXT 2025"]
[Source "ChessBase"]
[SourceDate "2024.10.14"]
[SourceVersion "1"]
[SourceVersionDate "2024.10.14"]
[SourceQuality "1"]

1. e4 e5 2. Nf3 Nc6 3. Nc3 Nf6 4. d4 exd4 5. Nxd4 Nxe4 6. Nxe4 Qe7 7. f3 d5 8. Nxc6 bxc6 9. Qd4 dxe4 10. Qxe4 Bf5 11. Qxe7+ Bxe7 12. Bf4 Rb8 13. 0-0-0 Bf6 14. b3 0-0 15. Bxc7 Rb7 16. Bf4 a5 17. a4 h5 18. h4 Re8 19. Bc4 g6 20. g3 Bc3 21. Rd6 Rbe7 22. Rhd1 Re1 23. Bg5 Kg7 24. Bd2 Bxd2+ 25. Kxd2 Rxd1+ 26. Kxd1 Rc8 27. Bd3 Bxd3 28. Rxd3 Kf6 29. Kd2 Ke6 30. Kc3 f6 31. Kc4 g5 32. Kc5 Ke5 33. Kb6 g4 34. f4+ Ke4 35. Kxa5 c5 36. Rc3 Kd4 37. Rc4+ Kd5 38. Kb6 Kd6 39. b4 Rc6+ 40. Kb5 Rc8 41. Rxc5 Re8 42. Rc3 Kd5 43. Rd3+ Ke4 44. a5 f5 45. a6 Rb8+ 46. Ka5 Rb5+ 47. Ka4 Rxb4+ 48. Ka3 Ra4+ 49. Kb2 Ra2+ 50. Kb3 Ra3+ 51. Kxa3 1/2-1/2

[Event "Pontevedra op-B 10th"]
[Site "Pontevedra"]
[Date "2022.07.30"]
[Round "9.16"]
[White "Souto Corredoura, Hugo"]
[Black "Bocos Delgado, Jon"]
[Result "0-1"]
[WhiteElo "1307"]
[BlackElo "1602"]
[PlyCount "66"]
[EventDate "2022.07.24"]
[EventType "swiss"]
[EventRounds "9"]
[EventCountry "ESP"]
[SourceTitle "EXT 2023"]
[Source "ChessBase"]
[SourceDate "2022.10.05"]
[SourceVersion "1"]
[SourceVersionDate "2022.10.05"]
[SourceQuality "1"]

1. e4 e6 2. Nc3 d5 3. Nf3 d4 4. Ne2 c5 5. Ng3 a6 6. a4 Nc6 7. Bc4 Bd6 8. d3 h5 9. 0-0 h4 10. Ne2 h3 11. g3 Bd7 12. Nd2 Qc7 13. f4 f5 14. e5 Be7 15. Nf3 Nh6 16. Bd2 Ng4 17. c3 dxc3 18. bxc3 Qb6 19. Rb1 Qa7 20. Qc2 Na5 21. Qa2 Nxc4 22. dxc4 Bc6 23. Ne1 Bg2 24. Nxg2 hxg2 25. Rfe1 Rxh2 26. Qb2 Rb8 27. Qb6 Qxb6 28. Rxb6 Kf7 29. Reb1 Rbh8 30. Be1 Rh1+ 31. Kxg2 R8h2+ 32. Kf3 Rf1+ 33. Bf2 Rhxf2# 0-1

[Event "Pontevedra op-B 10th"]
[Site "Pontevedra"]
[Date "2022.07.24"]
[Round "1.25"]
[White "Costas Senlle, Saul"]
[Black "Bocos Delgado, Jon"]
[Result "0-1"]
[WhiteElo "1009"]
[BlackElo "1602"]
[PlyCount "30"]
[EventDate "2022.07.24"]
[EventType "swiss"]
[EventRounds "9"]
[EventCountry "ESP"]
[SourceTitle "EXT 2023"]
[Source "ChessBase"]
[SourceDate "2022.10.05"]
[SourceVersion "1"]
[SourceVersionDate "2022.10.05"]
[SourceQuality "1"]

1. c4 Nc6 2. d3 e5 3. Nf3 g6 4. g3 Bg7 5. Bg2 d6 6. 0-0 f5 7. a3 Bd7 8. b3 e4 9. dxe4 Bxa1 10. exf5 Bxf5 11. Nbd2 Bg7 12. e4 Bd7 13. Ng5 Qxg5 14. Nf3 Qd8 15. Re1 Nge7 0-1

[Event "EU-ch Hybrid U10"]
[Site "Tornelo INT"]
[Date "2021.10.15"]
[Round "7"]
[White "Bocos Delgado, Jon"]
[Black "Anuchyn, Serhii"]
[Result "1-0"]
[WhiteElo "1485"]
[BlackElo "1227"]
[PlyCount "129"]
[EventDate "2021.10.15"]
[EventType "swiss"]
[EventRounds "9"]
[EventCountry "NET"]
[SourceTitle "EXT 2023"]
[Source "ChessBase"]
[SourceDate "2022.10.05"]
[SourceVersion "1"]
[SourceVersionDate "2022.10.05"]
[SourceQuality "1"]
[WhiteTeam "Spain"]
[BlackTeam "Ukraine"]
[WhiteTeamCountry "ESP"]
[BlackTeamCountry "UKR"]

1. d4 e6 2. c4 b6 3. Nc3 Bb7 4. e4 Bb4 5. Bd3 Bxc3+ 6. bxc3 d6 7. Ne2 Nd7 8. Ng3 Ngf6 9. 0-0 Qe7 10. f4 h5 11. Qe2 Ng4 12. h3 Qh4 13. hxg4 Qxg3 14. g5 h4 15. Rf3 Qg4 16. Rh3 Qxe2 17. Bxe2 Bxe4 18. Be3 0-0-0 19. Bf2 Bb7 20. Bxh4 Ba6 21. Re1 Nf8 22. Bd3 d5 23. f5 Re8 24. fxe6 fxe6 25. Bg3 Rxh3 26. gxh3 Bxc4 27. Bb1 Kd7 28. g6 c5 29. Be5 Re7 30. h4 Kc6 31. h5 Nd7 32. Bxg7 Rxg7 33. h6 Rg8 34. h7 Re8 35. g7 Nf6 36. h8Q Re7 37. g8Q Nxg8 38. Qxg8 Kd6 39. Qd8+ Rd7 40. Rxe6+ Kxe6 41. Bf5+ Kxf5 42. Qxd7+ Ke4 43. Qxa7 cxd4 44. cxd4 Kxd4 45. Qxb6+ Kc3 46. a4 d4 47. Qf6 Kd3 48. a5 Ke3 49. a6 d3 50. a7 d2 51. Qa1 Ke2 52. a8Q d1Q+ 53. Qxd1+ Kxd1 54. Kf2 Kd2 55. Qa3 Bd3 56. Kf3 Bc2 57. Qe3+ Kd1 58. Qd4+ Kc1 59. Ke3 Kb1 60. Qc3 Kc1 61. Qa1+ Bb1 62. Kd4 Kc2 63. Kc4 Kc1 64. Kc3 Kd1 65. Qxb1+ 1-0